Steve Jobs: a biography / (Record no. 168254)

MARC details
000 -LEADER
fixed length control field 00648nam a22002057a 4500
005 - DATE AND TIME OF LATEST TRANSACTION
control field 20191001121816.0
010 ## - LCCN (DPL NO)
LC control number B-730464
020 ## - INTERNATIONAL STANDARD BOOK NUMBER
International Standard Book Number 9789384401733
Terms of availability 160.00
035 ## - SYSTEM CONTROL NUMBER
System control number B-730464
037 ## - SOURCE OF ACQUISITION
Stock number dpl
Source of stock number/acquisition Pancy
082 ## - DEWEY DECIMAL CLASSIFICATION NUMBER
Classification number 921
245 ## - TITLE STATEMENT
Title Steve Jobs: a biography /
Remainder of title edited by Kaushal K. Goyal
260 ## - PUBLICATION, DISTRIBUTION, ETC. (IMPRINT)
Place of publication, distribution, etc New Delhi
Name of publisher, distributor, etc Pigeon Books India
Date of publication, distribution, etc 2018
270 ## - ADDRESS
Address 16, Ansari Road,Daryaganj,
City New Delhi
Postal code 110002
300 ## - PHYSICAL DESCRIPTION
Extent 161p.
Other physical details 21cm.(pbk)
Dimensions ill.
490 ## - SERIES STATEMENT
Series statement Pigeon Biography Series
700 ## - ADDED ENTRY--PERSONAL NAME
Personal name Goyal, Kaushal K.
942 ## - ADDED ENTRY ELEMENTS (KOHA)
Source of classification or shelving scheme Dewey Decimal Classification
Item type Children Books
Classification part 920
Call number suffix STE
Holdings
Withdrawn status Lost status Not for loan Collection code Home library Current library Date acquired Source of acquisition Cost, normal purchase price Full call number Barcode Copy number Cost, replacement price Koha item type
      Non-fiction Ashok Vihar Ashok Vihar 01/10/2019 Gift/ Eng /26.09.2019 160.00 920 STE B-730464 1 160.00 Children Books

© Delhi Public Library
Hit Counter
free hit counter